000 00569nam a2200241 a 4500
001 nice12345678
003 IN_TiNIC
005 20260116012953.0
008 050524s0000 cana grp 000 0 eng
020 _a
_c69
082 0 0 _a232.4
_bWHY
100 _aWhyte, H A Maxwell
245 _aPower of Blood
260 _aCanada
_bH a Maxwell Whyte
_c0000
300 _a32p
500 _aincludes index and biblioraphy
505 2 _aAppendix
650 _aJesus Christ-Death
700 1 _aWhyte, H A Maxwell
902 _bSRS
942 _cBK
999 _c9108
_d9108